TB. OF MEDICAL PHYSIOLOGY (Record no. 22528)

MARC details
000 -LEADER
fixed length control field 00340nam a22001577a 4500
003 - CONTROL NUMBER IDENTIFIER
control field SGT
020 ## - INTERNATIONAL STANDARD BOOK NUMBER
International Standard Book Number 9788131265994
082 ## - DEWEY DECIMAL CLASSIFICATION NUMBER
Classification number 612
Item number M22P
100 ## - MAIN ENTRY--PERSONAL NAME
Personal name PAL, G.K.
245 ## - TITLE STATEMENT
Title TB. OF MEDICAL PHYSIOLOGY
250 ## - EDITION STATEMENT
Edition statement 4TH
260 ## - PUBLICATION, DISTRIBUTION, ETC. (IMPRINT)
Place of publication, distribution, etc INDIA
Name of publisher, distributor, etc ELSEVIER PUB
Year of Publication 2022
300 ## - PAGE DESCRIPTION
No. of Pages 1065
650 ## - SUBJECT ADDED ENTRY--TOPICAL TERM
Topical term or geographic name as entry element HUMAN PHYSIOLOGY
942 ## - ADDED ENTRY ELEMENTS (KOHA)
Source of classification or shelving scheme Dewey Decimal Classification
Koha item type Books
942 ## - ADDED ENTRY ELEMENTS (KOHA)
-- 63
Holdings
Withdrawn status Lost status Source of classification or shelving scheme Damaged status Not for loan Collection code Home library Current library Shelving location Date acquired Vendor Name Cost, normal purchase price SGTU Bill Number Total Checkouts Full call number Accession No. (Barcode) Date last seen Date last borrowed Bill Date Koha item type Checked out Total Renewals
    Dewey Decimal Classification     MEDICAL SGT Medical Library SGT Medical Library Text Book 25/03/2022 ABC DELHI 1655.00 SGTU 13828 13 612 M22P FM12851 17/02/2026 03/02/2026 03/02/2022 Books    
    Dewey Decimal Classification     MEDICAL SGT Medical Library SGT Medical Library Text Book 25/03/2022 ABC DELHI 1655.00 SGTU 13828 17 612 M22P FM12852 14/01/2026 23/12/2025 03/02/2022 Books    
  Long Overdue (Lost) Dewey Decimal Classification     MEDICAL SGT Medical Library SGT Medical Library Text Book 25/03/2022 ABC DELHI 1655.00 SGTU 13828 10 612 M22P FM12853 06/02/2024 06/02/2024 03/02/2022 Books 20/02/2024  
    Dewey Decimal Classification     MEDICAL SGT Medical Library SGT Medical Library Text Book 25/03/2022 ABC DELHI 1655.00 SGTU 13828 23 612 M22P FM12854 06/02/2026 06/02/2026 03/02/2022 Books   1
    Dewey Decimal Classification     MEDICAL SGT Medical Library SGT Medical Library Text Book 25/03/2022 ABC DELHI 1655.00 SGTU 13828 22 612 M22P FM12855 25/05/2026 25/05/2026 03/02/2022 Books 08/06/2026